| 000 | 00969nam a22002057a 4500 | ||
|---|---|---|---|
| 999 |
_c14136 _d14136 |
||
| 003 | AR-CdUCM | ||
| 008 | 190422b ||||| |||| 00| 0 spa d | ||
| 040 |
_aMUNICIPALIDAD PROVINCIAL DEL CUSCO _cBIBLIOTECA MUNICIPAL DEL CUSCO |
||
| 082 |
_a947 / _bID29 |
||
| 245 | _aIdeas Leninistas / | ||
| 260 |
_aLima : _bHumboldt, _c1976. |
||
| 300 |
_a32 paginas ; _c21 cm. _bIlustraciones, |
||
| 440 |
_aAño VII _nN° 4 _932806 |
||
| 505 | _aContenido : Discurso de Leonid Brezhnev secretario general del CC del PCUS, pronunciado en la fabrica de automoviles "Lijachov" de Moscu, el dia 30 de abril de 1976 -- Informe del camarada Y. V. Andropov, en el acto solemne de Moscú dedicado al 106° aniversario del natalicio de V.I Lenin -- El XXV congreso de PCUS: desarrollo creador de la teoría por : A Viktorov. | ||
| 650 |
_aProcesos políticos _932780 |
||
| 650 |
_aVarsovia _932781 |
||
| 650 |
_aRevolución Rusa _91925 |
||
| 942 |
_2ddc _cLIBROS |
||
| 945 |
_awnts _d2019-04-22 |
||